[Event "Hastings 9596"]
[Site "Hastings"]
[Date "1996.??.??"]
[Round "2"]
[White "Atalik, Suat"]
[Black "Khalifman, Alexander"]
[Result "0-1"]
[WhiteElo "2525"]
[BlackElo "2655"]
[Annotator "Stohl,I"]
[PlyCount "88"]
[EventDate "1995.12.??"]
[EventType "tourn"]
[EventRounds "9"]
[EventCountry "ENG"]
[EventCategory "13"]
[SourceTitle "CBM 051"]
[Source "ChessBase"]
[SourceDate "1996.04.01"]
[SourceVersion "1"]
[SourceVersionDate "1996.04.01"]
[SourceQuality "1"]

1. d4 Nf6 2. c4 c5 3. d5 b5 4. cxb5 a6 5. bxa6 g6 6. Nc3 Bxa6 7. e4 Bxf1 8.
Kxf1 d6 9. Nf3 Nbd7 10. g3 Bg7 11. Kg2 O-O 12. Re1 Ra6 (12... Qb6 13. h3 Rfb8
14. Re2 Qb7 (14... Rb7 15. Bg5 (15. Rc2 Qa6 16. a3 Rab8 17. Rb1 Nb6 18. g4 Na4
19. Qe2 Qxe2 20. Nxe2 Nd7 $44 {Gouliev,S-Guerra,D/WchJM-U12 St.Lorenzo/1995/})
15... h6 16. Bd2 Ne8 17. b3 Nc7 18. Rc1 Nb5 19. Nxb5 Qxb5 20. Bc3 Ra3 21. Bxg7
Kxg7 22. Rcc2 Rba7 23. e5 $36 {Flear,G-Ledger,S/Hastings Challengers/1996/}) (
14... Ne8 15. Bf4 (15. Bg5 Qd8 16. Rc1 Nc7 17. b3 Rb4 18. Bd2 Rb7 19. Rc2 Na6
20. Na4 Nb4 21. Bxb4 Rxb4 22. Nd2 Rd4 23. Rc4 Qa5 24. Rxd4 Bxd4 25. Nf3 Bg7 26.
Rc2 Qb4 27. Qe2 Ne5 28. Nd2 $16 {Gavrikov,V-Bukal,V/Reggio Emilia II/1992/})
15... Qa6 (15... Nc7 16. Rc1 Qa5 17. Rcc2 Na6 18. e5 dxe5 19. Nxe5 Nxe5 20.
Bxe5 Rb7 21. Bxg7 Kxg7 22. a3 Rd7 23. Qd3 Rad8 24. Qf3 Nc7 25. Ne4 Na6 26. Nxc5
$1 $18 {Skembris,S-Djurhuus,R/Gausdal TM/1993/}) 16. Rc1 Ra7 17. Rcc2 Rab7 18.
e5 Nxe5 19. Nxe5 dxe5 20. Bxe5 Bxe5 21. Rxe5 Nd6 22. b3 c4 23. Qe2 $1 $16 {
Barlov,D-Popov,L/Berlin op/1988/}) 15. Bg5 Nb6 16. Rc1 h6 17. Bxf6 Bxf6 18.
Rcc2 Bg7 19. Qd3 c4 20. Qe3 Nd7 21. Nd4 Ne5 22. f4 Nd3 23. a3 Qb6 24. Nc6 Qxe3
25. Rxe3 Rxb2 26. Rxb2 Nxb2 27. e5 Bf8 $13 {Dubinka,I-Eidelson,R/Parnu Keres-C/
1996/}) 13. h3 Qa8 14. Bg5 (14. Bf4 Nb6 15. Qc2 Na4 16. Nxa4 Rxa4 17. a3 Nd7 (
17... Rb8 18. Rad1 Nd7 19. e5 Ra6 20. Qe2 Nf8 21. Bg5 Ra7 22. Bc1 Qb7 $132 {
1/2/Porper,E-Manor,I/Tel-Aviv ASA/1991/}) 18. Rad1 Ra7 19. Bc1 Ne5 20. Nxe5
Bxe5 21. f4 Bd4 22. Be3 Bxe3 23. Rxe3 Rb8 24. Rb3 Rxb3 25. Qxb3 Rb7 26. Qc2 Qb8
27. Rd2 Rb3 $44 {Pacheco,JL-Pelikian,J/Sao Paulo zt/1995/}) (14. Re2 e6 (14...
Qb7 $5 15. Bg5 h6 16. Bf4 g5 17. Be3 e6 18. Qd3 Rb6 19. Rb1 exd5 20. exd5 Ne8
21. Bd2 Ndf6 22. b3 Nc7 23. Rd1 Ncxd5 24. Nxd5 Nxd5 25. Ba5 Nb4 26. Bxb4 cxb4
27. Kh2 Qa6 28. h4 Qxd3 29. Rxd3 gxh4 30. Nxh4 Ra8 31. Nf5 Rba6 32. Re4 Rxa2
33. Rf3 Bf8 34. Rxb4 R2a7 35. Rg4+ Kh7 36. Ne3 Bg7 37. Nd5 Re8 38. Kg2 Re5 39.
Rd3 {1/2-1/2 Goldin,A-Beliavsky,A/Novosibirsk (11) 1995}) 15. Bf4 (15. Bg5 exd5
16. Nxd5 Nxd5 17. Qxd5 Qxd5 18. exd5 Nb6 19. Kf1 Rfa8 20. Rd1 Rxa2 21. Bf4 Bf8
22. Ng5 Ra1 23. Ree1 Rxd1 24. Rxd1 f5 25. g4 Ra4 26. Ne6 fxg4 27. hxg4 Be7 28.
f3 Rb4 $15 {Gyimesi,Z-Koch,JR/Paris op/1995/}) 15... exd5 16. Nxd5 Nxd5 17.
Qxd5 Qxd5 18. exd5 Rb8 19. Rae1 Bxb2 20. Re8+ Rxe8 21. Rxe8+ Kg7 22. Re7 Nf6
23. Rb7 Bd4 24. Nxd4 cxd4 25. Rb4 Nxd5 26. Rxd4 Nxf4+ 27. gxf4 Kf6 $15 {
[%csl Rf2,Rf4,Rh3] _|_ק,Bratchenko,A-Kalegin,E/Kolontaevo RUS-chT/1994/}) (14.
Qc2 Rb8 15. b3 Ne8 16. Bd2 Nc7 17. a4 Rab6 18. Rab1 Qb7 19. Re3 Rxb3 20. Rxb3
Qxb3 21. Qxb3 Rxb3 22. Nb5 Rxe3 23. Bxe3 Na6 24. Nd2 Kf8 25. Nc4 Ne5 26. Nb6
Ke8 27. Bd2 Nd7 28. Nc4 Ne5 $10 {Dias Anderson,T-Escobedo Tinajero,A/Matinhos
WchJ-U20/ 1994/}) (14. Rb1 Rb8 15. b3 Ne8 16. Bb2 Nc7 (16... Bxc3 17. Bxc3 Rxa2
18. e5 $14) 17. Qd2 Nb5 18. Nxb5 Rxb5 19. Bxg7 Kxg7 20. Re2 Rb4 21. Rc1 Nf6 22.
Rc4 Rxc4 23. bxc4 Ra4 24. e5 dxe5 25. Nxe5 e6 $10 {Morchat,M-Pisulinski,J/
Lubniewice POL-chT/1995/}) 14... h6 15. Bd2 e6 16. dxe6 fxe6 17. a4 g5 (17...
d5 $6 18. exd5 exd5 19. Nb5 Qb7 20. Bf4 g5 21. Bd6 Rf7 22. Nd2 d4+ 23. Qf3
Qxf3+ 24. Nxf3 Nd5 25. Nd2 d3 26. Ra3 Bxb2 27. Rxd3 N5b6 28. Bc7 $1 $36 {
Beliavsky,A-Khalifman,A/Novosibirsk/1995/}) 18. Ra3 (18. Qc2 d5 $44) 18... d5
19. Qc2 Rf7 $146 (19... Rb6 $5 20. Bc1 Rf7 21. Nd2 Rb4 22. Rb3 $6 Rxb3 23. Qxb3
c4 24. Nxc4 dxc4 25. Qxc4 Ne5 26. Qxe6 Nd3 27. Rf1 Nc5 28. Qc4 Ncxe4 29. Nxe4
Nxe4 30. f3 Nd6 $15 {Ljubojevic,L-Topalov,V/Linares/1995/}) 20. exd5 (20. Kg1
Qf8 $5 {[%cal Gf7f2] <=><->f}) 20... exd5 21. Nb5 Qb7 22. Bxg5 $5 {A very
dangerous sacrifice, after which an original position arises-White will have a
R and 3P against 2 minor pieces. For Black speaks the strength of central pawn
duo, which allows him even to exchange Queens. But nevertheless he will have
to play accurately to hold the balance.} (22. Ne5 Nxe5 23. Rxe5 $13) 22... hxg5
23. Nxg5 Nf8 $1 (23... Rf8 $2 24. Qg6 $1 {[%cal Re1e7] /\Re7} Nb8 25. Rf3 d4
26. Kg1 {[%cal Rf3f6] /\Rf6!+-}) 24. Nxf7 Qxf7 25. Rf3 (25. Rae3 d4 (25... Ne4
26. Rxe4 $1 dxe4 27. Rxe4 $14) 26. Re7 Qd5+ $132 {[%cal Rc5c4] /\c4}) 25... Ne6
26. Qf5 {[%cal Rg3g5] /\g4-g5} (26. b3 $5 $14) 26... Qh5 $5 $8 27. Qxh5 (27. g4
Qxf5 28. Rxf5 c4 $1 $13 {/\} (28... d4 29. b3 $14) 29. g5 $6 Nh5) 27... Nxh5
28. Rfe3 Kf7 29. Nc7 $6 (29. b3 c4 $132) 29... Nxc7 30. Re7+ Kg6 31. Rxc7 c4 $1
{[%csl Gc4,Gd5,Ra4,Rb2] ><a4,b2,o^d,c} 32. f4 $2 {Now Black's P will be very
dangerous. It was time to bail out and go for a draw.} (32. Rb7 $142 Rxa4 (
32... Nf6 33. g4 $13) 33. b3 $10) 32... Bxb2 33. f5+ Kg5 (33... Kxf5 $2 34. g4+
$16) 34. g4 Nf6 $5 (34... Nf4+ 35. Kg3 Rh6 36. Rh1 Be5 37. Re7 $1 $132 {/\}
Ng6+ $6 38. Rxe5 Nxe5 39. h4+ Rxh4 40. Rxh4 c3 41. Rh5+ Kf6 42. Rh1 d4 43. Kf4
$16) 35. Rg7+ Kf4 36. Rf1+ Ke3 37. g5 Ne4 {[%csl Gc4,Gd5,Ge3,Ge4] [+]} 38. Re7
(38. f6 Rxa4 39. Rf3+ Ke2 (39... Kd4 $2 40. f7) (39... Kd2 $6 40. Rd7) 40. Rd7
c3 $1 (40... Nxg5 $2 41. Rf2+) 41. f7 Ba3 42. Rxd5 c2 43. Rxa3 Rxa3 44. f8=Q
c1=Q {[%cal Ra3g3] /\Rg3-+}) 38... Rxa4 39. f6 Ra2 $1 40. Rf2 (40. Rf3+ Kd4 41.
Kh1 Ba3 $1 (41... c3 $6 42. f7 c2 43. Rc7 Bc3 44. Rcxc3 Nxc3 45. Rf1 Ra8 46.
Rc1 $1 Ne2 47. Rxc2 Nf4 48. Rc6 $1 $10) (41... Nxg5 42. f7 Nxf7 $17) 42. Ra7 c3
43. Rxa3 Rxa3 44. Rxc3 (44. f7 c2 45. Rf1 Ng3+) 44... Rxc3 45. f7 Rc8 46. g6
Ng5 $19) (40. f7 $2 Ba3+ $19) 40... Bxf6 $1 41. Rxe4+ (41. Rxa2 Bxe7 $19) 41...
dxe4 42. Rxa2 Bxg5 $19 {[%cal Re3d3,Rc4c2] /\c3,Kd3,c2-+ Black's pieces
cooperate ideally with his pawns, which are unstoppable.} 43. Kg3 (43. Ra3+ Kd2
44. Rg3 (44. Ra2+ Kd3 45. Ra3+ c3) 44... Be3 $19) 43... Kd3 44. h4 Bd2 {
[%csl Gc4,Ge4] o^c,e} 0-1

[Event "Hastings 9596"]
[Site "Hastings"]
[Date "1996.??.??"]
[Round "4"]
[White "Luther, Thomas"]
[Black "Khalifman, Alexander"]
[Result "0-1"]
[WhiteElo "2535"]
[BlackElo "2650"]
[Annotator "Khalifman,A"]
[PlyCount "96"]
[EventDate "1995.12.??"]
[EventType "tourn"]
[EventRounds "9"]
[EventCountry "ENG"]
[EventCategory "13"]
[SourceTitle "CBM 051"]
[Source "ChessBase"]
[SourceDate "1996.04.01"]
[SourceVersion "1"]
[SourceVersionDate "1996.04.01"]
[SourceQuality "1"]

1. e4 c5 2. Nf3 d6 3. d4 cxd4 4. Nxd4 Nf6 5. Nc3 Nc6 6. Bg5 e6 7. Qd2 a6 8.
O-O-O h6 9. Be3 Be7 10. f4 Nxd4 11. Bxd4 b5 12. Bd3 b4 13. Ne2 (13. Na4 Rb8 14.
e5 dxe5 15. Bxe5 Bd7 $13 {Dvoirys,S-Khalifman,A/Simferopol/1988/}) 13... e5 (
13... Qa5 14. Kb1 e5 15. Be3 $13) 14. Be3 Rb8 15. h3 {N/} (15. Kb1 O-O 16. Rhf1
Qa5 17. fxe5 dxe5 18. Ng3 Be6 19. b3 Ng4 $1 $13 {Dvoirys,S-Serper,G/Gausdal/
1991/}) 15... O-O 16. fxe5 (16. g4 d5 17. fxe5 Nxe4 18. Bxe4 dxe4 $13) (16. Kb1
$5) 16... dxe5 17. g4 Qa5 18. Kb1 Rd8 19. Ng3 Ne8 $5 (19... Be6 20. b3 Ne8 21.
a4 $1 $36) 20. Nf5 (20. g5 Be6 21. b3 Nd6 22. gxh6 (22. a4 Nc4 $1 23. Qe2 (23.
bxc4 Qxa4 $19) 23... Nxe3 24. Qxe3 Bxg5 $17) 22... Nb5 23. Ne2 Rbc8 24. Ka1 (
24. Rhg1 Na3+ 25. Kb2 Nxc2 26. Rxg7+ Kh8 27. Bg5 Bxb3 $1 $19) 24... Na3 25. Rc1
g6 (25... Nc4 26. Qe1) 26. Rhf1 Rc4 $1 (26... Nc4 27. bxc4 Rxc4 28. Rb1) 27.
Ng3 Nb5 28. h7+ Kh8 29. Bxc4 Nc3 $5 (29... Rxd2 30. Bxd2 Qb6 $15) 30. Qxc3 bxc3
31. Bxe6 fxe6 $17) 20... Bf8 (20... Bxf5 $2 21. gxf5 Nd6 22. Bxh6 Kf8 (22...
gxh6 23. Qxh6 $18) (22... Nxe4 23. Qg2 Nc3+ 24. bxc3 bxc3+ 25. Ka1 $18) 23. Qf2
$1 gxh6 24. f6 $16) 21. Qe2 (21. b3 Nd6 (21... Nc7 $5 22. a4 Ne6 $13) 22. Nxd6
Rxd6 $10) 21... Be6 22. Bc4 (22. b3 $2 Nc7 $17) 22... Bxc4 23. Qxc4 {diagram}
Qb5 $1 24. Qxb5 axb5 25. Ba7 (25. g5 hxg5 26. Bxg5 f6 27. Bd2 Nd6 $15) (25. Rd5
Rxd5 26. exd5 Nd6 $1 $15) (25. Rd3 Nf6 26. Ng3 Rdc8 $15) (25. Rxd8 Rxd8 26. Kc1
Nf6 27. Ng3 $10) 25... Ra8 26. Bf2 $6 (26. Rxd8 Rxd8 27. Be3 Nf6 28. Ng3 $10)
26... Rdc8 $1 (26... Nf6 27. Rxd8 $1 Rxd8 28. Ng3 Rd2 29. Rf1 $10) 27. Rd5 (27.
Rd7 Nf6 (27... Rc6 28. Ne7+ Bxe7 29. Rxe7 Rca6 30. Bc5 $1 $16) 28. Ne7+ Kh7 $1
(28... Bxe7 29. Rxe7 Nxe4 30. Be1 $13) 29. Nxc8 Nxd7 $15) 27... g6 28. Ng3 $6 (
28. Ne3 Ra5 29. Rhd1 Rca8 (29... Nf6 30. Rxe5 (30. Rd8 Raa8 $1 (30... Rxd8 $2
31. Rxd8 Nxe4 32. Be1 $16) 31. Rxc8 Rxc8 32. Bg3 Re8 33. Nd5 Nxe4 34. Re1 Rd8
$1 $17) 30... Rca8 31. Nd5 Nxd5 32. Rexd5 Rxa2 33. Kc1 $14) 30. Rd8 (30. Rxe5
Rxa2 31. Kc1 Nd6 $1 $17) 30... Rxa2 (30... Nf6 31. Bg3 $1 $13) 31. Rxa8 Rxa8
$15) 28... Ra5 29. Be1 (29. Ne2 Nf6 $1 (29... Rca8 30. Nc1 Nf6 31. Nb3 $1 $13)
30. Rxe5 Rca8 31. Rd1 Rxa2 32. Kc1 h5 $1 33. g5 Ra1+ 34. Kd2 Bd6 35. Rxa1 Rxa1
36. Rxb5 Nxe4+ 37. Ke3 Nxf2 38. Kxf2 Rh1 $17) (29. Bb6 Ra6 30. Rd8 Rxd8 31.
Bxd8 Rd6 32. Ba5 Rd2 $17) 29... Nf6 30. Rd3 Rca8 31. a3 R5a6 32. Ka2 (32. Rf1
bxa3 33. Bc3 Re6 $17) (32. Rb3 bxa3 33. bxa3 (33. Bc3 axb2 34. Kxb2 Nd7 35.
Rxb5 Nb6 $17) 33... Rxa3 34. Rxb5 Ra1+ 35. Kb2 R8a2+ 36. Kc3 Ra4 $17) 32...
bxa3 33. b4 Rc6 34. Rc3 $6 (34. Bc3 Rc4 $19) (34. c3 $8 Rc4 35. Re3 Be7 $17)
34... Rac8 35. Rxc6 Rxc6 36. c3 Rc4 37. Kxa3 Nxe4 38. Nxe4 Rxe4 $19 39. Bf2 f5
40. gxf5 gxf5 41. Rd1 f4 42. Rd5 Re2 43. Ba7 (43. Bc5 Kf7 $1 44. Rd8 Bxc5 45.
bxc5 Re4 $19) 43... f3 44. Rxb5 Kf7 $1 (44... f2 45. Bxf2 Rxf2 46. Rxe5 Rf3 47.
Kb3 Rxh3 48. b5 $17) 45. Kb3 Bd6 46. Rd5 Ke6 47. Rd1 e4 48. Rf1 Bg3 0-1

[Event "Hastings 9596"]
[Site "Hastings"]
[Date "1996.??.??"]
[Round "5"]
[White "Khalifman, Alexander"]
[Black "Miles, Anthony John"]
[Result "1/2-1/2"]
[WhiteElo "2655"]
[BlackElo "2600"]
[Annotator "Huebner,R"]
[PlyCount "183"]
[EventDate "1995.12.??"]
[EventType "tourn"]
[EventRounds "9"]
[EventCountry "ENG"]
[EventCategory "13"]
[SourceTitle "CBM 051"]
[Source "ChessBase"]
[SourceDate "1996.04.01"]
[SourceVersion "1"]
[SourceVersionDate "1996.04.01"]
[SourceQuality "1"]

1. d4 d5 2. c4 c6 3. Nc3 Nf6 4. Nf3 a6 5. c5 Bg4 6. Ne5 (6. Qb3 Ra7 7. h3 $6 (
7. Ne5 $142) 7... Bxf3 8. exf3 e5 $13 {Van Wely,L-Hodgson,J, Groningen (10)
1994, CBM 45.}) 6... Bh5 (6... Bf5 7. Qb3 Qc8 8. f3 g6 9. e4 Be6 10. Qc2 Bg7
11. Be3 O-O 12. Be2 Nbd7 13. Nxd7 Nxd7 14. O-O $14 {Lerner,K-Dreev,A, Moskau B
1985, MCL 05.}) 7. Qb3 Ra7 8. Bg5 (8. Bf4 $5) 8... Nfd7 $6 (8... Nbd7 $142) 9.
g4 f6 $8 (9... Bg6 10. Nxg6 hxg6 11. e3 Qc7 12. Bf4 e5 13. Bg3 $16) (9... Nxe5
10. gxh5 Ned7 (10... f6 11. dxe5 fxg5 12. e6 $16 Qa5 13. Qb6 Qxb6 14. cxb6 Ra8
15. Na4) 11. e4 $16) 10. gxh5 fxg5 11. Nxd7 Nxd7 12. Bh3 e5 13. e3 Be7 14.
O-O-O exd4 (14... e4 15. Rdf1 Nf6 16. Be6 Nxh5 17. f3 (17. Nxe4 Rf8 (17... dxe4
18. Bf7+ Kf8 (18... Kd7 19. Qe6+ Kc7 20. Qe5+ Kd7 21. Bxh5 $18) 19. Bxh5 g6 20.
Bd1 Kg7 (20... Qd5 21. Qb6 $18) 21. Qe6 $18) 18. Nc3 $16) 17... exf3 18. Rxf3
Nf6 19. Re1 $40 Qc7 20. e4) 15. exd4 Qc7 (15... O-O 16. Nxd5 Kh8 (16... cxd5
17. Qxd5+ Kh8 18. Qxd7 $18) 17. Nxe7 Qxe7 18. Rhe1 Qd8 19. h6 gxh6 20. d5 $18)
16. Kb1 (16. Rhe1 g4 $13) 16... b5 17. Rde1 Nf6 18. Be6 Qf4 19. Qd1 Kd8 {
Schwarz hat eine höchst kritische Stellung sehr findigreich verteidigt, aber
seine Sorgen sind noch nicht zu Ende.} 20. Re5 Re8 (20... Bxc5 $2 21. Ne2 $18)
21. Rhe1 Bf8 (21... h6 22. Bf7 Rf8 23. Bg6 $18) (21... Qxh2 22. Rxg5 $16) 22.
h6 $6 (22. Bxd5 {ist wohl nicht korrekt:} Rxe5 (22... cxd5 23. Nxd5 Nxd5 (23...
Qxf2 24. Nxf6 Rxe5 25. dxe5+ Kc8 26. Ne4 $16) 24. Rxe8+ Kd7 25. R8e5 $16) 23.
dxe5 Nxd5 24. Nxd5 cxd5 25. Qxd5+ Rd7 (25... Ke8 {reicht zum Remis.}) 26. Qa8+
Ke7 27. e6 Qxf2 28. Qe4 Rc7 {, und Schwarz dürfte gewinnen.}) (22. h3 {kommt
möglicherweise in Betracht.}) 22... Qxh2 23. Bxd5 $6 cxd5 $6 (23... Rxe5 24.
dxe5 Nxd5 25. Nxd5 cxd5 (25... Rd7 26. Qf3 Bxc5 27. hxg7 $18) 26. Qxd5+ Rd7 27.
Qa8+ (27. Qg8 Qxf2) (27. Qf3 Qf4) 27... Ke7 {mit der Absicht, Dh2xf2 folgen zu
lassen, sieht mir auch hier sehr vielversprechend für Schwarz aus.}) 24. Rxe8+
Nxe8 25. Qf3 Nf6 26. Nxd5 Qh5 (26... g4 $5 27. hxg7 Bxg7 28. Qf5 Qh5 29. Qf4
Nd7 30. Nb4 $13) 27. Qg3 Nd7 28. hxg7 (28. c6 $2 Qg6+ 29. Ka1 Qxc6 30. Qxg5+
Nf6) 28... Bxg7 29. Ka1 (29. Qe3 $5) 29... Bxd4 (29... Qg6 30. Qe3 $13) 30. c6
Ne5 31. Qa3 Qe8 $8 (31... Qf3 32. c7+ (32. Qd6+ Kc8 33. c7 Bxb2+) 32... Rxc7 (
32... Kc8 33. Qxf3 Nxf3 34. Re8+ $18) (32... Kd7 33. Qxf3 Nxf3 34. Re7+ $18)
33. Qd6+ Ke8 34. Nxc7+ $18) (31... Nxc6 32. Qd6+ $18) (31... Bxb2+ 32. Qxb2
Nxc6 33. Qh8+ Kd7 34. Nf6+ $18) (31... Qf7 32. Qd6+ Kc8 33. Rxe5 $18) (31...
Rf7 32. c7+ Kd7 33. Qxa6 Bxb2+ 34. Kxb2 Nc4+ (34... Rxf2+ 35. Ka1 $18) (34...
Nd3+ 35. Kb1 $18) 35. Kc1 Nd6 36. Re7+ $18) 32. Qd6+ Kc8 33. Rxe5 Qxe5 34. Nb6+
$4 (34. Qf8+ $142 Qe8 35. Qxe8#) 34... Bxb6 35. Qxe5 Bd8 36. Qe6+ Kb8 37. Qd6+
Kc8 38. Qe6+ Kb8 39. Kb1 (39. a4 $5) 39... Re7 40. Qd6+ Kc8 41. c7 $6 (41. Qa3
$5) 41... Rxc7 42. Qxa6+ Rb7 {Ich nehme an, daß Weiß diese Stellung nicht mehr
gewinnen kann.} 43. Qc6+ Kb8 44. b4 Bc7 45. Qe8+ Ka7 46. Qe3+ Bb6 47. Qxg5 Bxf2
48. Kc2 h6 49. Qxh6 Bb6 50. Qe6 Bc7 51. Qc6 Kb8 52. Kd3 Rb6 53. Qe8+ Kb7 54.
Kd4 Bd6 55. Qd7+ Bc7 56. Kc5 Kb8 57. a3 Kb7 58. Qd5+ Kb8 59. Qg8+ Kb7 60. Qf8
Ka7 61. Qc8 Bd6+ 62. Kd4 Bh2 63. Qd7+ Rb7 64. Qh3 Bc7 65. Qc8 Bh2 66. Qc2 Bc7
67. Kd5 Kb8 68. Kc6 Rb6+ 69. Kd7 Rd6+ 70. Ke7 Rb6 71. Qc5 Rb7 72. Ke6 Kc8 73.
Qf8+ Bd8 74. Kd6 Rb6+ 75. Kc5 Rb7 76. Qf5+ Kc7 77. Qe5+ Kd7 78. Qd6+ Kc8 79.
Qa6 Kc7 80. Qa8 Be7+ 81. Kd5 Bd8 82. Ke6 Rb6+ 83. Ke5 Rb7 84. Qa5+ Kc8 85. Qa6
Kc7 86. Qe6 Rb6 87. Qe8 Rb7 88. Kd5 Rb6 89. Kc5 Rb7 90. Qe5+ Kd7 91. Qf5+ Kc7
92. Qe5+ 1/2-1/2

[Event "Vienna op"]
[Site "Vienna"]
[Date "1996.??.??"]
[Round "5"]
[White "Khalifman, Alexander"]
[Black "Cvitan, Ognjen"]
[Result "1/2-1/2"]
[WhiteElo "2640"]
[BlackElo "2535"]
[Annotator "Chekhov,V"]
[PlyCount "83"]
[EventDate "1996.??.??"]
[EventType "swiss"]
[EventRounds "9"]
[EventCountry "AUT"]
[SourceTitle "CBM 053 Extra"]
[Source "ChessBase"]
[SourceDate "1996.09.01"]
[SourceVersion "1"]
[SourceVersionDate "1996.09.01"]
[SourceQuality "1"]

1. Nf3 Nf6 2. c4 g6 3. g3 Bg7 4. Bg2 O-O 5. O-O d6 6. d4 Nbd7 7. Nc3 e5 8. h3
c6 9. e4 Re8 10. Re1 exd4 11. Nxd4 Qb6 12. Nc2 (12. Re2 $5 Ng4 (12... Nc5 13.
Nb3 Nfd7 14. Be3 Qc7 15. Nxc5 dxc5 16. Qc2 $16 {Nogueiras,J-Diaz,J/Cuba/1996/
1|0/52/}) (12... Qb4 13. Rc2 Nc5 14. Bd2 Qb6 15. Be3 a5 16. Nb3 a4 17. Nxc5
dxc5 18. Rb1 Rd8 19. Qc1 $16 {Akopian,V-Sherzer,A/Biel/1993/1|0/61/}) 13. Rd2
Nge5 14. b3 Nc5 15. Rc2 a5 16. Rb1 Ned7 17. Be3 Qc7 18. Re2 $14 {Wojtkiewicz,
A-Anderson,R/Las Vegas/1993/1|0/36/}) (12. Nb3 Ne5 13. Be3 c5 14. Bf1 Be6 15.
Nd5 Bxd5 16. exd5 Ne4 17. Kg2 f5 $132 {Epishin,V-Kasparov,G/Moscow/1995/0|1/73/
}) 12... a5 (12... Nc5 $5 13. Rb1 Ng4 14. hxg4 Bxc3 15. Re3 Be5 16. g5 Be6 17.
Na3 a5 $132 {Konopka,M-Kveinys,A/Marbach/1994/0|1/42/}) (12... Qc7 13. Be3 a5
14. Nd4 a4 15. Qc2 Qa5 16. Rad1 Qb4 17. b3 Nc5 18. Rb1 $14 {Karpov,An-Kamsky,G/
Monaco/1994/0|1/62/}) 13. Rb1 Nc5 14. Be3 Qc7 15. Bf4 Bf8 16. b3 h6 (16... Ne6
17. Be3 Bg7 18. Qd2 $16) 17. Nd4 Bg7 18. Qc2 Bd7 19. Red1 Rad8 20. a3 Nh7 21.
b4 (21. Be3 f5 $6 (21... Qc8 $5 $132) 22. exf5 Bxd4 23. fxg6 Bxe3 24. gxh7+ Kh8
25. fxe3 Rxe3 26. b4 axb4 27. axb4 Ne6 28. Ne4 $16) 21... axb4 22. axb4 Bxd4
23. bxc5 (23. Rxd4 Ne6 24. Rd2 (24. Bxd6 $4 Nxd4 25. Bxc7 Nxc2 26. Bxd8 Rxd8
$19) 24... Nxf4 25. gxf4 d5 $1 $36) 23... Bxc5 24. Na4 Ba7 (24... Qc8 25. Nxc5
dxc5 26. Bxh6 Bxh3 27. Qb2 f6 28. Rxd8 Rxd8 29. Qxb7 Qxb7 30. Rxb7 Bxg2 31.
Kxg2 $36) 25. Rxd6 Qc8 26. Bxh6 Bxh3 27. Qb2 f6 28. Rxf6 (28. Rxd8 $1 Rxd8 29.
Qxb7 Rd1+ 30. Kh2 Qxb7 31. Rxb7 Bxg2 32. Kxg2 Bd4 33. Rg7+ Kh8 34. Rd7 Kg8 (
34... Ng5 35. Bg7+ Kg8 36. Bxf6 $18) 35. Nc5 $18) 28... Nxf6 29. Qxf6 Bd4 (
29... Qd7 30. Bxh3 $18) 30. Qxg6+ Kh8 31. Bg5 (31. Bg7+ Bxg7 32. Qh5+ Kg8 33.
Bxh3 Qc7 34. Nc5 Qe5 35. Bf5 $40) 31... Qg4 32. Bf6+ (32. Qh6+ Kg8 33. Bxh3
Qxg3+ $6 (33... Bxf2+ $5 34. Kxf2 Qxe4 35. Bf6 Qc2+ (35... Qe2+ 36. Kg1 Rd1+
37. Rxd1 Qxd1+ 38. Bf1 $18) 36. Kg1 Qxb1+ 37. Bf1 Rd7 (37... Qh7 38. Qg5+ Kf7
39. Bxd8 $18) 38. Qh8+ Kf7 39. Qg7+ Ke6 40. Nc5+ $18) 34. Kh1 $18) 32... Bxf6
33. Qxf6+ Kg8 34. Rxb7 Rf8 (34... Bxg2 $4 35. Qf7+ $18) 35. Qh6 (35. Bxh3 $4
Qd1+ $19) 35... Rd1+ 36. Kh2 Rh1+ 37. Kxh1 (37. Bxh1 $4 Rxf2+ 38. Kg1 Qxg3+ $19
) 37... Bxg2+ 38. Kg1 (38. Kh2 $1 Bxe4 39. f3 $1 Rxf3 40. Rb8+ Kf7 41. Qf8+ (
41. Rf8+ Ke7 $13) 41... Kg6 (41... Ke6 42. Qc8+ $18) 42. Qg8+ Kh5 43. Qh8+ Kg5
44. Rg8+ (44. Qe5+ Qf5 (44... Kh6 45. Rh8+ Bh7 $14) 45. Rg8+ Kh6 46. Qh8+ Qh7
$14) 44... Bg6 45. Qe5+ Qf5 $14) 38... Qd1+ 39. Kxg2 Qf3+ 40. Kh2 (40. Kg1 $4
Qxf2+ 41. Kh1 Qf1+ 42. Kh2 Rf2#) 40... Qxf2+ 41. Kh3 Qf1+ 42. Kh4 (42. Kh4 Qh1+
43. Kg5 Qc1+ 44. Kh5 (44. Kg6 Rf6+) 44... Qh1+ 45. Kg5 (45. Kg6 Rf6+) 45...
Qc1+ $10) 1/2-1/2